000 01194nam a22002657a 4500
005 20170124103132.0
010 _aB-143221
020 _c125.00
_a8186393218
035 _aB-143221
037 _bCen Lib/Ret
040 _aDPL
_bHN
082 _a822
_bआगाह
100 _aआगाहश्र , कश्मीरी
_942466
245 _aनाटक भीषम प्रतिज्ञा /
_cआगाहश्र कश्मीरी ; अनुवादक चन्द्रभूषण मिश्र
246 _aNatak bhisham pratigya
_bby Aagaahshr '' kashmiri ; anuvadak Chandrabhusahn Mishar
260 _aईटा नगर
_bहिमालियन पब्लिशर्स
_c2003
270 _a177, ईटा नगर
_bईटा नगर
_e791111
300 _a116पृष्ठ.
_c20सेमी(अजिल्द)
650 _aहिंदी साहित्य
_984464
650 _aहिंदी नाटक
_984465
650 _ahindi literature
_984466
650 _ahindi drama
_984467
700 _aमिश्र, चंद्रभूषण
_984468
942 _2ddc
_cHN
_h822
_mआगाहश्र
999 _c119348
_d119348